000 00262nam a2200109Ia 4500
008 200302s9999 xx 000 0 und d
100 _aDavid Verey
245 _aGloucestershire 1:The Cotswolds
260 _bYale University Ptess
260 _c2002
300 _a826
999 _c4685
_d4685